000 00543nam a2200181Ia 4500
005 20260415160320.0
008 008 250505s9999 xx 000 0 eng d
037 _aBooks to be hide in OPAC
040 _aFEDL
_beng
_cFEDL
041 _aeng
_2eng
084 _a901 REE/O
_qFEDL
100 _aReeve J R
_9755605
245 0 _aHistory through familiar things Part 2
260 _aLondon, UK
_bUniversity of London Press Limited
_c1935
300 _a270p.
942 _cHB
_h901 REE/O
999 _c1321583
_d1321583